LEADER 00631naa a2200157 i 4500 001 000000307821 003 CaOOAMICUS 005 20180831172923.0 008 180831n it u000 u ita u 013 $a16688 040 $aSeMil$bita 100 1 $aRodé, Franc.$0(OLS)http://semarc/name/81769 245 13$aLa cultura cristiana in un mondo secolarizzato. 650 4$aEuropa - Cultura cristiana - Sec. 20.$0(OLS)http://semarc/subject/21214 773 0 $tCulture, incroyance et foi.$dRoma : Studium, 2004.$kCultura$z88-382-3961-4$gp.483-500$w()110218 996 $6245$aLa cultura cristiana in un mondo secolarizzato$9(OLS)http://semarc/title/383135 LEADER 00525nab a2200145 i 4500 001 000000316232 003 CaOOAMICUS 005 20180831173205.0 008 180831n xx uu u0 0und r 013 $a25315 040 $aSeMil$bita 100 1 $aCassese, Michele.$0(OLS)http://semarc/name/4532 245 12$aL'interpretazione cattolica della Confessione Augustana del 1530. 773 0 $t[Gennaio-Dicembre].$g272-288$w()273987 996 $6245$aL'interpretazione cattolica della Confessione Augustana del 1530$9(OLS)http://semarc/title/390258